| 000 | 00612cam a22002172 4500 | ||
|---|---|---|---|
| 001 | 0000004175 | ||
| 005 | 20151217154345.0 | ||
| 008 | 070521s xx 000 0 eng d | ||
| 020 |
_a0534393306 : _cKES 7,200 |
||
| 040 |
_aKABU _cKABU |
||
| 050 | 0 |
_aQA303 _b.S74 2003 |
|
| 100 | 1 |
_aStewart, James. _@0000154597 |
|
| 245 | 1 | 0 | _aSingle variable calculus, early transcendentals. |
| 250 | _a5th ed. | ||
| 260 |
_aBelmont, CA : _bBrooks/Cole, _c2003. |
||
| 300 | _axxv, 791 p. | ||
| 650 | 0 |
_aCalculus. _@0000144959 |
|
| 908 | _a070521 | ||
| 950 | _@1 | ||
| 999 |
_c10733 _d10733 |
||